Podnikání [výklad je zpracován k právnímu stavu ke dni 1.7.2007]

Na minha lista:
Detalhes bibliográficos
Autor principal: Pospíšilová, Alena
Formato: Livro
Idioma:tcheco
Publicado em: Praha ASPI Wolters Kluwer 2007
Assuntos:
Tags: Adicionar Tag
Sem tags, seja o primeiro a adicionar uma tag!

MARC

LEADER 00000nam$a2200000$$$4500
001 0079902
005 20240315114627.6
020 |a 978-80-7357-293-8 
041 0 |a cze 
044 |a CZ 
245 1 0 |a Podnikání  |b [výklad je zpracován k právnímu stavu ke dni 1.7.2007]  |c Alena Pospíšilová ... [et al.] 
264 1 |a Praha  |b ASPI Wolters Kluwer  |c 2007 
300 |a 1057 s. 
610 2 0 |a podnikanie 
610 2 0 |a podnikatelia 
610 2 0 |a podnik 
610 2 0 |a majetok obchodný 
610 2 0 |a poistenie podnikov 
610 2 0 |a poistenie zdravotné 
610 2 0 |a poistenie sociálne 
610 2 0 |a pomer pracovný 
610 2 0 |a záväzky 
610 2 0 |a účtovníctvo 
610 2 0 |a dane 
610 2 0 |a papiere cenné 
610 2 0 |a ochrana spotrebiteľa 
610 2 0 |a vlastníctvo duševné 
610 2 0 |a právo 
610 2 0 |a konkurzy 
100 1 |a Pospíšilová, Alena